00910cam a2200265 4500001001300000003000400013005001700017008004100034010001700075040003600092050002000128070002500148110005100173245005300224250001900277260004800296300002600344490007400370500005000444650001200494650001200506700006900518830004000587999001700627agr68000187 DLC20260227111030.0691103s1968 dcua 000 0 eng c aagr68000187  aU.S. Nat'l Agr. Libr.cDLCdDLC10aTX7b.U6 no. 680 a1 Ag84Hg no. 68 19681 aUnited States.bAgricultural Research Service.10aHow to prevent and remove mildew;bhome methods. a[Slightly rev. aWashington,bU.S. Govt. Print. Off.,c1968] a14 p.billus.c24 cm.1 aUnited States. Dept. of Agriculture. Home and garden bulletinvno. 68 aEarlier ed., with same title, by M. S. Furry. 0aMildew. 3aMildew.1 aFurry, Margaret Smith,d1899-tHow to prevent and remove mildew. 0aHome and garden bulletin ;vno. 68. c12493d12493